000 00274nam a22001217a 4500
008 171218b xxu||||| |||| 00| 0 eng d
041 _aeng
080 _a37
100 _a46
101 _aEDU
245 _aThe Young Folks Shelf Of Books
_cMartignoni, M.E
942 _2udc
_cBK
999 _c39082
_d39082